00497 2200205 4500001002100000005001500021035002000036007000300056008004100059020001800100082001000118084001600128100001100144245003300155250000600188260003200194300003100226990001700257990001700274INLIS00000000000004720230301090014 a0010-0223000014ta230301 b 0 ind  a979-8399-00-5 a959.8 a959.8 RUD s0 aRudini1 aSumatera Utara /cSoemargono a- aJakarta :bIntermasa,c1992 a439 :bilus. ;c23,5 cme- a00046/R/1992 a00005/R/1995